[Event "blitmenteam"]
[Site "?"]
[Date "2016.10.07"]
[Round "9.10"]
[White "Zakhartsov, Vladimir"]
[Black "Kamsky, Gata"]
[Result "1/2-1/2"]
[LiveChessVersion "1.4.4"]
[BlackElo "2732"]
[WhiteElo "2527"]

1. e4 {[%clk 0:03:04]} g6 {[%clk 0:03:02]} 2. d4 {[%clk 0:03:04]} Bg7
{[%clk 0:03:03]} 3. Nc3 {[%clk 0:03:05]} d6 {[%clk 0:03:03]} 4. f4
{[%clk 0:03:04]} a6 {[%clk 0:03:04]} 5. Nf3 {[%clk 0:03:02]} b5 {[%clk 0:03:04]}
6. a4 {[%clk 0:02:53]} b4 {[%clk 0:03:04]} 7. Nd5 {[%clk 0:02:54]} a5
{[%clk 0:02:56]} 8. Bd3 {[%clk 0:02:50]} e6 {[%clk 0:02:48]} 9. Ne3
{[%clk 0:02:50]} Nc6 {[%clk 0:02:35]} 10. O-O {[%clk 0:02:46]} Nf6
{[%clk 0:02:27]} 11. e5 {[%clk 0:02:37]} Nd5 {[%clk 0:02:11]} 12. Nxd5
{[%clk 0:02:09]} exd5 {[%clk 0:02:11]} 13. Bb5 {[%clk 0:01:56]} Bd7
{[%clk 0:02:06]} 14. f5 {[%clk 0:01:53]} gxf5 {[%clk 0:01:53]} 15. Bg5
{[%clk 0:01:50]} Qc8 {[%clk 0:01:49]} 16. Qe1 {[%clk 0:01:25]} Nd8
{[%clk 0:00:44]} 17. Bf6 {[%clk 0:00:48]} Bxf6 {[%clk 0:00:43]} 18. exf6+
{[%clk 0:00:49]} Ne6 {[%clk 0:00:44]} 19. Ng5 {[%clk 0:00:39]} Bxb5
{[%clk 0:00:43]} 20. axb5 {[%clk 0:00:37]} h6 {[%clk 0:00:37]} 21. Nxe6
{[%clk 0:00:36]} Qxe6 {[%clk 0:00:35]} 22. Qh4 {[%clk 0:00:31]} Qe3+
{[%clk 0:00:35]} 23. Kh1 {[%clk 0:00:32]} Qg5 {[%clk 0:00:34]} 24. Rae1+
{[%clk 0:00:29]} Kf8 {[%clk 0:00:32]} 25. Qxg5 hxg5 {[%clk 0:00:33]} 26. Rxf5
{[%clk 0:00:27]} Rh6 {[%clk 0:00:31]} 27. Ref1 {[%clk 0:00:09]} a4
{[%clk 0:00:31]} 28. Kg1 {[%clk 0:00:05]} a3 {[%clk 0:00:32]} 29. bxa3
{[%clk 0:00:06]} bxa3 {[%clk 0:00:33]} 30. Ra1 {[%clk 0:00:06]} Ke8
{[%clk 0:00:26]} 31. h3 {[%clk 0:00:07]} Kd7 {[%clk 0:00:27]} 32. Rf3
{[%clk 0:00:06]} a2 {[%clk 0:00:27]} 33. c3 {[%clk 0:00:05]} Ra5 {[%clk 0:00:27]}
34. Rf2 {[%clk 0:00:05]} Ra3 {[%clk 0:00:25]} 35. Raxa2 {[%clk 0:00:05]} Rxa2
{[%clk 0:00:26]} 36. Rxa2 {[%clk 0:00:05]} Rxf6 {[%clk 0:00:28]} 37. Rf2
{[%clk 0:00:05]} Ke6 {[%clk 0:00:15]} 38. Rxf6+ {[%clk 0:00:06]} Kxf6
{[%clk 0:00:16]} 39. Kf2 {[%clk 0:00:07]} Kg6 {[%clk 0:00:16]} 40. g3
{[%clk 0:00:06]} f6 {[%clk 0:00:14]} 41. Kf3 {[%clk 0:00:06]} Kh5
{[%clk 0:00:15]} 42. Kf2 {[%clk 0:00:04]} Kg6 {[%clk 0:00:14]} 43. Kf3
{[%clk 0:00:04]} Kh5 {[%clk 0:00:14]} 44. Kf2 {[%clk 0:00:04]} Kg6
{[%clk 0:00:11]} 45. Kg2 {[%clk 0:00:06]} Kh5 {[%clk 0:00:07]} 46. Kf3
{[%clk 0:00:07]} f5 {[%clk 0:00:07]} 47. Kf2 {[%clk 0:00:05]} Kh6
{[%clk 0:00:08]} 48. Kg2 {[%clk 0:00:06]} Kg6 {[%clk 0:00:09]} 49. h4
{[%clk 0:00:06]} Kh5 {[%clk 0:00:10]} 50. hxg5 {[%clk 0:00:06]} Kxg5 51. Kf3
{[%clk 0:00:08]} Kg6 {[%clk 0:00:11]} 52. Kf4 {[%clk 0:00:07]} Kf6
{[%clk 0:00:12]} 53. Kf3 {[%clk 0:00:06]} Kg5 {[%clk 0:00:14]} 54. Kg2
{[%clk 0:00:06]} Kg4 {[%clk 0:00:15]} 55. Kf2 {[%clk 0:00:07]} f4
{[%clk 0:00:16]} 56. gxf4 {[%clk 0:00:07]} Kxf4 {[%clk 0:00:17]} 57. Ke2
{[%clk 0:00:08]} Ke4 {[%clk 0:00:18]} 58. Kd2 {[%clk 0:00:09]} Kf3
{[%clk 0:00:14]} 59. Kd3 {[%clk 0:00:11]} Kf4 {[%clk 0:00:15]} 60. Kd2
{[%clk 0:00:11]} Ke5 1/2-1/2

[Event "blitmenteam"]
[Site "?"]
[Date "2016.10.07"]
[Round "9.11"]
[White "Timofeev, Artyom"]
[Black "Kovalev, Egor"]
[Result "1-0"]
[LiveChessVersion "1.4.4"]
[BlackElo "2228"]
[WhiteElo "2578"]

1. e4 {[%clk 0:03:01]} c5 {[%clk 0:03:04]} 2. Nf3 {[%clk 0:03:01]} e6
{[%clk 0:03:05]} 3. d4 cxd4 4. Nxd4 {[%clk 0:03:03]} Nf6 {[%clk 0:03:07]} 5. Nc3
{[%clk 0:03:03]} d6 {[%clk 0:03:07]} 6. g4 {[%clk 0:03:03]} h6 {[%clk 0:03:08]}
7. h3 {[%clk 0:03:02]} Nc6 {[%clk 0:03:08]} 8. Be3 {[%clk 0:03:03]} a6
{[%clk 0:03:08]} 9. f4 {[%clk 0:03:03]} Qc7 {[%clk 0:03:05]} 10. Qd2
{[%clk 0:03:01]} Nxd4 {[%clk 0:02:54]} 11. Bxd4 {[%clk 0:03:01]} b5
{[%clk 0:02:51]} 12. Bg2 {[%clk 0:02:56]} Bb7 {[%clk 0:02:51]} 13. Bxf6
{[%clk 0:02:52]} gxf6 {[%clk 0:02:50]} 14. O-O-O {[%clk 0:02:52]} Rc8
{[%clk 0:02:46]} 15. Kb1 {[%clk 0:02:53]} h5 {[%clk 0:02:39]} 16. e5
{[%clk 0:02:43]} dxe5 {[%clk 0:02:26]} 17. Bxb7 {[%clk 0:02:37]} Qxb7
{[%clk 0:02:31]} 18. fxe5 {[%clk 0:02:37]} Bb4 {[%clk 0:01:36]} 19. Rhf1
{[%clk 0:02:20]} Bxc3 {[%clk 0:01:30]} 20. bxc3 {[%clk 0:02:21]} hxg4
{[%clk 0:01:20]} 21. hxg4 {[%clk 0:02:21]} fxe5 {[%clk 0:01:13]} 22. g5
{[%clk 0:02:22]} Rg8 {[%clk 0:01:02]} 23. Qe3 {[%clk 0:02:17]} Qc7
{[%clk 0:00:46]} 24. Rf3 {[%clk 0:02:12]} Qc5 {[%clk 0:00:45]} 25. Qe4
{[%clk 0:02:10]} Rxg5 {[%clk 0:00:41]} 26. Qb7 {[%clk 0:02:10]} Qc7
{[%clk 0:00:35]} 27. Qxa6 {[%clk 0:02:11]} e4 {[%clk 0:00:34]} 28. Rh3
{[%clk 0:02:12]} Ke7 {[%clk 0:00:30]} 29. Rf1 {[%clk 0:02:06]} Qc4
{[%clk 0:00:23]} 30. Qa7+ {[%clk 0:02:00]} Rc7 {[%clk 0:00:24]} 31. Qa3+
{[%clk 0:01:53]} Qc5 {[%clk 0:00:16]} 32. Qc1 {[%clk 0:01:54]} Rg2
{[%clk 0:00:06]} 33. Rh7 {[%clk 0:01:48]} Qxc3 {[%clk 0:00:04]} 34. Rfxf7+
{[%clk 0:01:48]} Kd6 {[%clk 0:00:04]} 35. Rxc7 {[%clk 0:01:48]} Qb4+
{[%clk 0:00:05]} 36. Ka1 {[%clk 0:01:47]} Qd4+ {[%clk 0:00:06]} 37. c3
{[%clk 0:01:46]} Qa4 {[%clk 0:00:06]} 38. Qf4+ {[%clk 0:01:44]} 1-0

[Event "blitmenteam"]
[Site "?"]
[Date "2016.10.07"]
[Round "9.12"]
[White "Babikov, Ivan"]
[Black "Sharafiev, Azat"]
[Result "0-1"]
[LiveChessVersion "1.4.4"]
[BlackElo "2482"]
[WhiteElo "2189"]

1. e4 {[%clk 0:03:03]} d6 {[%clk 0:03:03]} 2. d4 {[%clk 0:03:04]} e5
{[%clk 0:03:05]} 3. Nf3 {[%clk 0:03:04]} exd4 {[%clk 0:03:04]} 4. Nxd4
{[%clk 0:03:03]} Nf6 {[%clk 0:03:05]} 5. Nc3 {[%clk 0:03:03]} Be7
{[%clk 0:03:07]} 6. Be2 {[%clk 0:02:57]} O-O {[%clk 0:03:07]} 7. O-O
{[%clk 0:02:58]} c6 {[%clk 0:03:07]} 8. f4 {[%clk 0:02:50]} Nbd7 {[%clk 0:03:07]}
9. Be3 {[%clk 0:02:49]} Re8 {[%clk 0:03:08]} 10. Bf3 {[%clk 0:02:48]} Bf8
{[%clk 0:03:08]} 11. Nf5 {[%clk 0:02:31]} Qc7 {[%clk 0:03:00]} 12. Qe1
{[%clk 0:02:19]} g6 {[%clk 0:02:39]} 13. Ng3 {[%clk 0:02:14]} b6 {[%clk 0:02:27]}
14. Kh1 {[%clk 0:02:02]} Nc5 {[%clk 0:02:26]} 15. e5 {[%clk 0:01:06]} dxe5
{[%clk 0:02:14]} 16. fxe5 {[%clk 0:01:06]} Rxe5 17. Qd2 {[%clk 0:00:51]} Re6
{[%clk 0:01:52]} 18. Bh6 {[%clk 0:00:34]} Ba6 {[%clk 0:01:46]} 19. Bxf8
{[%clk 0:00:28]} Rxf8 {[%clk 0:01:44]} 20. Rfe1 {[%clk 0:00:27]} Rfe8
{[%clk 0:01:43]} 21. Rxe6 {[%clk 0:00:25]} Rxe6 {[%clk 0:01:43]} 22. Qh6
{[%clk 0:00:24]} Qe7 {[%clk 0:01:39]} 23. Qd2 {[%clk 0:00:12]} Qd6
{[%clk 0:01:26]} 24. Qh6 {[%clk 0:00:12]} Qe7 {[%clk 0:01:24]} 25. Qd2
{[%clk 0:00:13]} h5 {[%clk 0:01:15]} 26. h3 {[%clk 0:00:11]} h4 {[%clk 0:01:15]}
27. Nf1 {[%clk 0:00:10]} Nfe4 {[%clk 0:01:09]} 28. Nxe4 {[%clk 0:00:08]} Nxe4
{[%clk 0:01:10]} 29. Bxe4 {[%clk 0:00:05]} Rxe4 {[%clk 0:01:11]} 30. Rd1
{[%clk 0:00:04]} Re2 {[%clk 0:01:07]} 31. Qd8+ {[%clk 0:00:05]} Qxd8
{[%clk 0:01:07]} 32. Rxd8+ {[%clk 0:00:06]} Kg7 {[%clk 0:01:09]} 33. b3 Re1 0-1

[Event "blitmenteam"]
[Site "?"]
[Date "2016.10.07"]
[Round "9.13"]
[White "Ponkratov, Pavel"]
[Black "Tekeyev, Zaur"]
[Result "1/2-1/2"]
[LiveChessVersion "1.4.4"]
[BlackElo "2438"]
[WhiteElo "2679"]

1. c4 {[%clk 0:03:03]} e5 {[%clk 0:03:02]} 2. Nc3 {[%clk 0:03:04]} Nf6
{[%clk 0:03:01]} 3. Nf3 {[%clk 0:03:06]} Nc6 {[%clk 0:03:01]} 4. a3
{[%clk 0:03:07]} g6 {[%clk 0:03:01]} 5. e3 {[%clk 0:03:06]} Bg7 {[%clk 0:03:01]}
6. d3 {[%clk 0:03:04]} O-O {[%clk 0:03:00]} 7. b4 {[%clk 0:03:05]} Re8
{[%clk 0:02:55]} 8. Bb2 {[%clk 0:03:04]} e4 {[%clk 0:02:36]} 9. Nd2
{[%clk 0:03:02]} exd3 {[%clk 0:02:35]} 10. Bxd3 {[%clk 0:03:02]} Ne5
{[%clk 0:02:36]} 11. Be2 {[%clk 0:03:03]} d5 {[%clk 0:02:22]} 12. O-O
{[%clk 0:02:55]} Be6 {[%clk 0:01:44]} 13. cxd5 {[%clk 0:02:45]} Nxd5
{[%clk 0:01:44]} 14. Nde4 {[%clk 0:02:41]} Nxc3 {[%clk 0:01:35]} 15. Bxc3
{[%clk 0:02:42]} Qh4 {[%clk 0:01:31]} 16. Nc5 {[%clk 0:02:23]} Rad8
{[%clk 0:01:07]} 17. Qc1 {[%clk 0:02:18]} Bd5 {[%clk 0:01:00]} 18. f3
{[%clk 0:01:16]} b6 {[%clk 0:01:01]} 19. Na6 {[%clk 0:01:17]} Bc4
{[%clk 0:00:53]} 20. Bxc4 {[%clk 0:01:07]} Nxc4 {[%clk 0:00:32]} 21. Bxg7
{[%clk 0:01:06]} Kxg7 {[%clk 0:00:30]} 22. e4 {[%clk 0:01:04]} Nd2
{[%clk 0:00:18]} 23. Rf2 {[%clk 0:01:04]} Qf6 {[%clk 0:00:07]} 24. Nxc7
{[%clk 0:00:56]} Nb3 {[%clk 0:00:08]} 25. Nxe8+ {[%clk 0:00:36]} Rxe8
{[%clk 0:00:09]} 26. Qc7 {[%clk 0:00:35]} Qxa1+ {[%clk 0:00:07]} 27. Rf1
{[%clk 0:00:37]} Qxa3 {[%clk 0:00:07]} 28. Qc3+ {[%clk 0:00:35]} Kg8
{[%clk 0:00:08]} 29. h4 {[%clk 0:00:35]} a5 {[%clk 0:00:06]} 30. Rb1
{[%clk 0:00:33]} a4 {[%clk 0:00:06]} 31. h5 {[%clk 0:00:34]} gxh5
{[%clk 0:00:06]} 32. Rd1 {[%clk 0:00:34]} Qa2 {[%clk 0:00:05]} 33. Kh2
{[%clk 0:00:33]} Qe2 {[%clk 0:00:06]} 34. Rd5 {[%clk 0:00:34]} h6
{[%clk 0:00:07]} 35. Rxh5 {[%clk 0:00:31]} Qd2 {[%clk 0:00:09]} 36. Qf6
{[%clk 0:00:30]} Re6 {[%clk 0:00:09]} 37. Qh4 {[%clk 0:00:27]} Qd6+
{[%clk 0:00:10]} 38. Kh3 {[%clk 0:00:25]} a3 {[%clk 0:00:12]} 39. Rd5
{[%clk 0:00:25]} Qe7 {[%clk 0:00:11]} 40. Qg3+ {[%clk 0:00:23]} Rg6
{[%clk 0:00:11]} 41. Qb8+ {[%clk 0:00:24]} Kg7 {[%clk 0:00:09]} 42. Qa8
{[%clk 0:00:24]} Qxb4 {[%clk 0:00:04]} 43. Rd8 {[%clk 0:00:25]} Nc5
{[%clk 0:00:03]} 44. Rg8+ {[%clk 0:00:25]} Kf6 {[%clk 0:00:04]} 45. Qd8+
{[%clk 0:00:22]} Ke5 {[%clk 0:00:05]} 46. Qd5+ {[%clk 0:00:20]} Kf4
{[%clk 0:00:06]} 47. Qxf7+ {[%clk 0:00:20]} Ke3 {[%clk 0:00:07]} 48. Rxg6
{[%clk 0:00:20]} Qb3 {[%clk 0:00:08]} 49. Qa7 {[%clk 0:00:14]} Na4
{[%clk 0:00:06]} 50. Qg7 {[%clk 0:00:12]} a2 {[%clk 0:00:08]} 51. Qxh6+
{[%clk 0:00:13]} Ke2 {[%clk 0:00:09]} 52. Rd6 {[%clk 0:00:12]} Qb2
{[%clk 0:00:08]} 53. Qe6 {[%clk 0:00:08]} b5 {[%clk 0:00:09]} 54. Qd5
{[%clk 0:00:08]} a1=Q {[%clk 0:00:08]} 55. Qd3+ {[%clk 0:00:09]} Ke1
{[%clk 0:00:09]} 56. Qe3+ {[%clk 0:00:09]} Qe2 {[%clk 0:00:10]} 57. Qg1+
{[%clk 0:00:08]} Qf1 {[%clk 0:00:10]} 58. Qe3+ {[%clk 0:00:09]} Qe2
{[%clk 0:00:11]} 59. Qg1+ {[%clk 0:00:11]} Qf1 {[%clk 0:00:13]} 60. Qe3+
{[%clk 0:00:12]} 1/2-1/2

[Event "blitmenteam"]
[Site "?"]
[Date "2016.10.07"]
[Round "9.14"]
[White "Nechaev, Oleg"]
[Black "Khismatullin, Denis"]
[Result "0-1"]
[LiveChessVersion "1.4.4"]
[BlackElo "2604"]
[WhiteElo "2369"]

1. c4 {[%clk 0:03:02]} e5 {[%clk 0:03:04]} 2. Nc3 {[%clk 0:03:02]} Nf6
{[%clk 0:03:05]} 3. g3 {[%clk 0:03:03]} Bc5 {[%clk 0:03:05]} 4. Bg2
{[%clk 0:03:04]} O-O {[%clk 0:03:06]} 5. e3 {[%clk 0:03:05]} Nc6 {[%clk 0:03:00]}
6. Nge2 {[%clk 0:03:06]} d6 {[%clk 0:03:01]} 7. O-O {[%clk 0:03:05]} Re8
{[%clk 0:02:59]} 8. d3 {[%clk 0:03:01]} a6 {[%clk 0:02:54]} 9. a3
{[%clk 0:03:01]} Bf5 {[%clk 0:02:52]} 10. b4 {[%clk 0:02:53]} Ba7
{[%clk 0:02:53]} 11. Bb2 {[%clk 0:02:49]} Qc8 {[%clk 0:02:51]} 12. d4
{[%clk 0:02:36]} Bh3 {[%clk 0:02:35]} 13. c5 {[%clk 0:02:29]} exd4
{[%clk 0:02:09]} 14. exd4 {[%clk 0:02:25]} Bxg2 {[%clk 0:01:58]} 15. Kxg2
{[%clk 0:02:25]} Qf5 {[%clk 0:01:54]} 16. Nf4 {[%clk 0:02:15]} Rad8
{[%clk 0:01:52]} 17. b5 {[%clk 0:01:27]} axb5 {[%clk 0:01:27]} 18. Nxb5
{[%clk 0:01:27]} dxc5 {[%clk 0:01:25]} 19. Nxa7 {[%clk 0:01:15]} Nxa7
{[%clk 0:01:21]} 20. Qa4 {[%clk 0:01:08]} Nc6 {[%clk 0:01:05]} 21. dxc5
{[%clk 0:01:08]} Re4 {[%clk 0:00:48]} 22. Qb5 {[%clk 0:01:04]} Rxf4
{[%clk 0:00:40]} 23. gxf4 {[%clk 0:01:03]} Qg4+ {[%clk 0:00:41]} 24. Kh1
{[%clk 0:01:04]} Qf3+ {[%clk 0:00:40]} 25. Kg1 {[%clk 0:01:05]} Nh5
{[%clk 0:00:14]} 26. Rfe1 {[%clk 0:00:48]} Nxf4 {[%clk 0:00:12]} 0-1

[Event "blitmenteam"]
[Site "?"]
[Date "2016.10.07"]
[Round "9.15"]
[White "Pridorozhni, Aleksei"]
[Black "Rozhko, Dmitry"]
[Result "1-0"]
[LiveChessVersion "1.4.4"]
[BlackElo "2288"]
[WhiteElo "2611"]

1. e4 {[%clk 0:03:03]} e6 {[%clk 0:03:04]} 2. b3 {[%clk 0:03:04]} d5 3. Bb2 Nf6
{[%clk 0:03:05]} 4. e5 {[%clk 0:03:06]} Nfd7 {[%clk 0:03:04]} 5. Qg4
{[%clk 0:03:07]} a5 {[%clk 0:02:45]} 6. a3 {[%clk 0:02:34]} b6 {[%clk 0:02:37]}
7. f4 {[%clk 0:02:31]} g6 {[%clk 0:02:31]} 8. Nf3 {[%clk 0:02:28]} Ba6
{[%clk 0:02:30]} 9. d3 {[%clk 0:02:25]} h5 {[%clk 0:02:21]} 10. Qg3
{[%clk 0:02:25]} c5 {[%clk 0:02:10]} 11. a4 {[%clk 0:02:22]} Nc6 {[%clk 0:02:10]}
12. Na3 {[%clk 0:02:22]} Qc7 {[%clk 0:02:05]} 13. Qf2 {[%clk 0:02:17]} Be7
{[%clk 0:02:01]} 14. Nb5 {[%clk 0:02:15]} Bxb5 {[%clk 0:01:59]} 15. axb5
{[%clk 0:02:15]} Na7 {[%clk 0:01:54]} 16. c4 {[%clk 0:02:16]} d4 {[%clk 0:01:50]}
17. g3 {[%clk 0:02:16]} Rd8 {[%clk 0:01:38]} 18. Bg2 {[%clk 0:02:14]} Nc8
{[%clk 0:01:25]} 19. Nd2 {[%clk 0:02:12]} f5 {[%clk 0:01:21]} 20. exf6
{[%clk 0:02:09]} Nxf6 {[%clk 0:01:20]} 21. Qe2 {[%clk 0:02:08]} Kf7
{[%clk 0:01:18]} 22. Bh3 {[%clk 0:01:49]} Qd7 {[%clk 0:01:15]} 23. Nf3
{[%clk 0:01:49]} Kg7 {[%clk 0:00:54]} 24. Ng5 {[%clk 0:01:43]} Rde8
{[%clk 0:00:40]} 25. Nxe6+ {[%clk 0:01:31]} Kg8 {[%clk 0:00:37]} 26. Ng5 Qb7
{[%clk 0:00:36]} 27. O-O-O {[%clk 0:01:04]} Bd6 {[%clk 0:00:34]} 28. Ne6
{[%clk 0:00:55]} Rh7 {[%clk 0:00:30]} 29. f5 {[%clk 0:00:52]} g5 {[%clk 0:00:22]}
30. Bg2 {[%clk 0:00:50]} Qb8 {[%clk 0:00:21]} 31. Kb1 {[%clk 0:00:48]} g4
{[%clk 0:00:20]} 32. Bc1 {[%clk 0:00:45]} Ne7 {[%clk 0:00:15]} 33. Bg5
{[%clk 0:00:38]} Nd7 {[%clk 0:00:09]} 34. f6 {[%clk 0:00:31]} Nf5
{[%clk 0:00:08]} 35. Bd5 {[%clk 0:00:29]} Rf7 {[%clk 0:00:06]} 36. Qe4
{[%clk 0:00:28]} Ne3 {[%clk 0:00:05]} 37. Qg6+ {[%clk 0:00:27]} 1-0

[Event "blitmenteam"]
[Site "?"]
[Date "2016.10.07"]
[Round "9.16"]
[White "Shandrygin, Nikita"]
[Black "Bologan, Victor"]
[Result "0-1"]
[LiveChessVersion "1.4.4"]
[BlackElo "2601"]
[WhiteElo "2202"]

1. e4 {[%clk 0:03:03]} g6 {[%clk 0:03:03]} 2. d4 {[%clk 0:03:04]} Bg7
{[%clk 0:03:05]} 3. Be3 {[%clk 0:03:04]} Nf6 {[%clk 0:02:59]} 4. Nc3
{[%clk 0:03:05]} d5 {[%clk 0:02:59]} 5. exd5 {[%clk 0:02:52]} Nxd5
{[%clk 0:02:58]} 6. Nxd5 {[%clk 0:02:52]} Qxd5 {[%clk 0:02:59]} 7. Nf3
{[%clk 0:02:53]} O-O {[%clk 0:02:55]} 8. Be2 {[%clk 0:02:55]} c5 {[%clk 0:02:53]}
9. O-O {[%clk 0:02:46]} cxd4 {[%clk 0:02:32]} 10. Bxd4 {[%clk 0:02:46]} Bxd4
{[%clk 0:02:25]} 11. Qxd4 {[%clk 0:02:47]} Qxd4 {[%clk 0:02:24]} 12. Nxd4
{[%clk 0:02:48]} a6 {[%clk 0:02:12]} 13. Rfd1 {[%clk 0:02:26]} e5
{[%clk 0:02:03]} 14. Nb3 {[%clk 0:02:15]} Bf5 {[%clk 0:01:54]} 15. c3
{[%clk 0:02:13]} Nc6 {[%clk 0:01:53]} 16. Nc5 {[%clk 0:02:01]} Rab8
{[%clk 0:01:01]} 17. Bf3 {[%clk 0:01:55]} Rfc8 {[%clk 0:00:57]} 18. g4
{[%clk 0:00:56]} e4 {[%clk 0:00:23]} 19. Nxe4 {[%clk 0:00:32]} Ne5
{[%clk 0:00:22]} 20. gxf5 {[%clk 0:00:29]} Nxf3+ {[%clk 0:00:23]} 21. Kh1
{[%clk 0:00:26]} Rc4 {[%clk 0:00:21]} 22. Ng3 {[%clk 0:00:12]} Kg7
{[%clk 0:00:11]} 23. fxg6 {[%clk 0:00:10]} hxg6 {[%clk 0:00:12]} 24. Kg2
{[%clk 0:00:08]} Nh4+ {[%clk 0:00:13]} 25. Kf1 {[%clk 0:00:09]} b5
{[%clk 0:00:12]} 26. Rac1 {[%clk 0:00:07]} Rh8 {[%clk 0:00:09]} 27. Rd7
{[%clk 0:00:06]} Nf3 {[%clk 0:00:09]} 28. Kg2 {[%clk 0:00:07]} Rf4
{[%clk 0:00:09]} 29. Ra7 {[%clk 0:00:04]} Rxh2+ {[%clk 0:00:09]} 30. Kf1
{[%clk 0:00:04]} Nd2+ {[%clk 0:00:10]} 31. Ke2 {[%clk 0:00:05]} Rhxf2+
{[%clk 0:00:09]} 32. Kd1 {[%clk 0:00:05]} Nc4 {[%clk 0:00:09]} 33. Ne2
{[%clk 0:00:04]} Re4 {[%clk 0:00:07]} 34. Nd4 {[%clk 0:00:03]} Nxb2#
{[%clk 0:00:07]} 0-1

[Event "blitmenteam"]
[Site "?"]
[Date "2016.10.07"]
[Round "9.17"]
[White "Moskalenko, Alexander"]
[Black "Fedoseev, Vladimir"]
[Result "1-0"]
[LiveChessVersion "1.4.4"]
[BlackElo "2702"]
[WhiteElo "2573"]

1. c4 {[%clk 0:03:03]} Nf6 {[%clk 0:02:56]} 2. Nc3 {[%clk 0:03:03]} e5
{[%clk 0:02:57]} 3. Nf3 {[%clk 0:03:02]} Nc6 {[%clk 0:02:58]} 4. g3
{[%clk 0:02:55]} Bb4 {[%clk 0:02:59]} 5. Bg2 {[%clk 0:02:56]} O-O
{[%clk 0:02:59]} 6. O-O {[%clk 0:02:56]} d6 {[%clk 0:02:59]} 7. d3
{[%clk 0:02:54]} h6 {[%clk 0:03:00]} 8. Nd5 {[%clk 0:02:52]} a5 {[%clk 0:03:01]}
9. a3 {[%clk 0:02:50]} Bc5 {[%clk 0:03:01]} 10. Nxf6+ {[%clk 0:02:44]} Qxf6
{[%clk 0:03:01]} 11. Nd2 {[%clk 0:02:45]} Ba7 {[%clk 0:03:01]} 12. Ne4
{[%clk 0:02:46]} Qd8 {[%clk 0:03:01]} 13. Rb1 {[%clk 0:02:28]} f5
{[%clk 0:02:47]} 14. Nc3 {[%clk 0:02:29]} f4 {[%clk 0:02:48]} 15. b4
{[%clk 0:02:17]} axb4 {[%clk 0:02:46]} 16. axb4 {[%clk 0:02:18]} Nd4
{[%clk 0:02:45]} 17. e3 {[%clk 0:01:55]} Ne6 {[%clk 0:02:45]} 18. Ne4
{[%clk 0:01:49]} c6 {[%clk 0:02:40]} 19. Ra1 {[%clk 0:01:45]} d5 {[%clk 0:02:30]}
20. cxd5 {[%clk 0:01:43]} cxd5 {[%clk 0:02:31]} 21. Nc5 {[%clk 0:01:37]} Nxc5
{[%clk 0:02:19]} 22. bxc5 {[%clk 0:01:37]} Be6 {[%clk 0:02:13]} 23. exf4
{[%clk 0:01:26]} exf4 {[%clk 0:02:14]} 24. d4 {[%clk 0:01:21]} g5
{[%clk 0:02:04]} 25. Re1 {[%clk 0:01:17]} Qf6 {[%clk 0:02:01]} 26. Bb2
{[%clk 0:00:44]} fxg3 {[%clk 0:01:59]} 27. fxg3 {[%clk 0:00:45]} Qf2+
{[%clk 0:01:12]} 28. Kh1 {[%clk 0:00:46]} Bf7 {[%clk 0:00:49]} 29. Qe2
{[%clk 0:00:43]} Qf6 {[%clk 0:00:23]} 30. Qe5 {[%clk 0:00:39]} Qc6
{[%clk 0:00:18]} 31. Rf1 {[%clk 0:00:19]} Rae8 {[%clk 0:00:18]} 32. Qf6
{[%clk 0:00:10]} Bb8 {[%clk 0:00:17]} 33. Qxc6 {[%clk 0:00:07]} bxc6
{[%clk 0:00:17]} 34. Rae1 {[%clk 0:00:08]} Bg6 {[%clk 0:00:12]} 35. Kg1
{[%clk 0:00:08]} Rxf1+ 36. Kxf1 {[%clk 0:00:09]} Rf8+ {[%clk 0:00:12]} 37. Kg1
{[%clk 0:00:10]} Kf7 {[%clk 0:00:09]} 38. Rf1+ {[%clk 0:00:11]} Ke7
{[%clk 0:00:10]} 39. Rxf8 {[%clk 0:00:12]} Kxf8 {[%clk 0:00:11]} 40. Kf2
{[%clk 0:00:13]} Bc7 {[%clk 0:00:12]} 41. Bc3 {[%clk 0:00:14]} Ke7
{[%clk 0:00:12]} 42. Bh3 {[%clk 0:00:14]} h5 {[%clk 0:00:12]} 43. Bc8
{[%clk 0:00:14]} Bd3 {[%clk 0:00:12]} 44. Ke3 {[%clk 0:00:14]} Bf1
{[%clk 0:00:12]} 45. Bd2 {[%clk 0:00:14]} Kf6 {[%clk 0:00:10]} 46. Bd7
{[%clk 0:00:14]} Bb5 {[%clk 0:00:11]} 47. Kf2 {[%clk 0:00:15]} Bd8
{[%clk 0:00:11]} 48. Be8 {[%clk 0:00:14]} h4 {[%clk 0:00:10]} 49. gxh4
{[%clk 0:00:12]} gxh4 {[%clk 0:00:11]} 50. Kf3 {[%clk 0:00:10]} Ke7
{[%clk 0:00:11]} 51. Bh5 {[%clk 0:00:11]} Bd3 {[%clk 0:00:09]} 52. Bg5+
{[%clk 0:00:12]} Kd7 {[%clk 0:00:09]} 53. Bxd8 {[%clk 0:00:12]} Kxd8
{[%clk 0:00:09]} 54. Kg4 {[%clk 0:00:13]} Ke7 {[%clk 0:00:07]} 55. Kxh4
{[%clk 0:00:14]} Kf6 {[%clk 0:00:09]} 56. Bg4 {[%clk 0:00:13]} Bf5
{[%clk 0:00:03]} 57. Kg3 {[%clk 0:00:12]} Kg5 {[%clk 0:00:04]} 58. h4+
{[%clk 0:00:12]} Kg6 {[%clk 0:00:05]} 59. Bxf5+ {[%clk 0:00:11]} Kxf5
{[%clk 0:00:06]} 60. Kf3 {[%clk 0:00:13]} 1-0